| 000 | 00479cam a22001097a 4500 | ||
|---|---|---|---|
| 008 | 180718b1984 xxu||||| |||| 00| 0 eng d | ||
| 082 | _aT000x54 In2fi | ||
| 245 |
_aFive year plans and district planning _cby Department of Personnel And Administrative Reforms, Ministry Of Home Affairs |
||
| 260 |
_aNew Delhi _bDepartment of Personnel And Administrative Reforms _c1984 |
||
| 300 | _a49p. | ||
| 700 | _aIndia. Ministry Of Home Affairs. Department of Personnel And Administrative Reforms | ||
| 999 |
_c496766 _d496766 |
||